Özelleştirmeye karşı sosyal devleti koruma komisyonunun Türk-İş başkanlar kuruluna sunduğu özelleştirmeye karşı sosyal devleti koruma raporu (Record no. 5047)

MARC details
000 -BAŞLIK
Sabit Uzunlukta Kontrol Alanı 00781na a2200217 4500
001 - KONTROL NUMARASI
Denetim Alanı 17863
003 - KONTROL NUMARASI IDENTIFIER
Denetim Alanı MIRAKIL
005 - SON İŞLEM TARİHİ VE ZAMANI
Denetim Alanı 20181213155026.0
008 - SABİT-BOY VERİ ELEMANLARI - GENEL BİLGİLER
Sabit Uzunlukta Kontrol Alanı 161107b tu 000 0
040 ## - KATALOGLAMA KAYNAK
Orijinal Kataloglama Ajansı Milas
Kataloglama Dili tur
Metne Dönüştürmek Ajansı TR-AnCHP
041 ## - DİL KODU
Metin / Ses Parça Veya Ayrı Başlığın Dil Kodu tur
082 ## - DEWEY ONLU SINIFLANDIRMA NUMARASI
Sınıflandırma Numarası 338.6046
Ürün Numarası Ö93 1998
090 ## - SINIFLAMA NUMARASI
Sınıflama Numarası 338.6046 Ö93 1998
245 ## - BAŞLIK TABLOSU
Başlık Özelleştirmeye karşı sosyal devleti koruma komisyonunun Türk-İş başkanlar kuruluna sunduğu özelleştirmeye karşı sosyal devleti koruma raporu
Sorumluluk Tablosu, Vb Türk-İş
246 ## - UNVAN FORM VARYING
Başlık Doğru / Kısa Başlığı Özelleştirmeye karşı sosyal devleti koruma raporu
260 ## - YAYIN, DAĞITIM, VB
Yayın, Dağıtım, Vb Yeri Ankara
Yayıncı, Dağıtıcı, Vs Adı Türk-İş
Yayın, Dağıtım, Vb Tarihi 1998
300 ## - FİZİKSEL TANIM
Kapsam 249 s.
Diğer Fiziksel Ayrıntıları tbl.
Boyutlar 29 sm.
650 ## - KONU KATMA GİRİŞ - TOPİKAL DÖNEM
Topikal Süreli Veya Coğrafi Ad Giriş Elemanı Özelleştirme
Genel Alt Bölümü Raporlar
Coğrafi Alt Bölümü Türkiye
710 ## - KATMA GİRİŞ - KURUMSAL ADI
Giriş Elemanı Olarak Kurumsal Ad Veya Yargı Alanı Adı Türkiye İşçi Sendikaları Konfederasyonu (Türk-İş)
942 ## - EKLENDİ GİRİŞ ELEMANLARI (KOHA)
Sınıflandırma Veya Raf Düzeni Kaynak Dewey Decimal Classification
Koha Öğesi Türü Books
999 ## - SİSTEM KONTROL NUMARALARI (KOHA)
Koha Biblionumber 5047
Koha Biblioitemnumber 5047
Holdings
Kalıcı Konum Mevcut Konum Edinme Tarihi Edinim Kaynak Toplam Check-Out'Lar Tam Çağrı Numarası Barkod Tarih Son Görülme İtibaren Geçerli Fiyatlar Koha Öğesi Türü
CHP Kütüphanesi CHP Kütüphanesi 11/07/2016 Bağış   338.6046 Ö93 1998 008403 11/07/2016 11/07/2016 Books